000 00283nam a2200109Ia 4500
008 220204s9999 xx 000 0 und d
082 _a330.101.8
_bKAL
100 _aKALDOR, Nicholas
245 0 _aFurther essays on applied economics
260 _aLondon
_bDuckworth
_c1978
942 _cBK
999 _c34367
_d34367